000 00332nam a2200133 a 4500
005 20140414131920.0
008 101022s19uu xx 00 eng d
050 _aER
_bK13 199?
100 _aMilne, A. A.
245 _aKanga and baby Roo come to the forest.
260 _bDutton Children's Book.
440 _a
999 _c111677
_d111677